| 000 | 01030nam a2200241 a 4500 | ||
|---|---|---|---|
| 001 | 85203 | ||
| 003 | BD-RjUL | ||
| 005 | 20250715103946.0 | ||
| 008 | 250715s1963 bg ||||| |||| 00| 0 ben d | ||
| 035 | _a(BD-RjUL)85203 | ||
| 040 |
_aBD-RjUL _bben _cBD-RjUL |
||
| 041 | _aben | ||
| 082 |
_223 _a297.122 _bMAT 1963 |
||
| 100 |
_aমওদূদী, সাইয়েদ আবুল আ'লা _9123985 |
||
| 245 | 1 | 0 |
_aতাফ্হীমুল কোরআন : _b২য় পারা / _cসাইয়েদ আবুল আ'লা মওদূদী ; অনুবাদ মুহাম্মাদ আবদুর রহীম |
| 250 | _a২য় সং. | ||
| 260 |
_aঢাকা : _bইসলামিক পাবলিকেশ্নস লিঃ, _c১৯৬৩ |
||
| 300 |
_a৯৯ পৃ. ; _c২১ সেমি. |
||
| 650 |
_aকোরআন _9136120 |
||
| 650 |
_aKoran _9136121 |
||
| 700 |
_aরহীম, মুহাম্মাদ আবদুর, অনুবাদ _916035 |
||
| 942 |
_2ddc _cBK |
||
| 999 |
_c85203 _d85203 |
||